000 00570cam a2200145 i 4500
082 0 0 _a388.068
_a388.068
_bNAT
_cD
110 2 _aNational Research Council (U.S.).
_920017
245 1 0 _aEvaluating transportation proposals /
_cTransportation Research Board, Commission on Sociotechnical Systems, National Research Council.
260 _aWashington, D.C. :
_bNational Academy of Sciences,
_c1979.
300 _aiii, 64 p. :
_bill. ;
_c28 cm.
526 _a0
_b0
_c0
_d388_068000000000000_NAT
650 0 _aD
_96527
650 0 _aTransportation
_xPlanning.
_919652
942 _2ddc
_cBK
999 _c543140
_d543140